Datum a čas kvízu
36
Celkem bodů
Celkový počet nahraných bodů na tomto kvízu bez doplňovacích otázek.
11.
Pořadí na kvízu
Konečné umístění týmu na tomto kvízu.
Zaznamenané odpovědi
| # | Otázka | Odpověď | Body | Výsledky |
|---|---|---|---|---|
| 1. | V první otázce dostanete tento... | koruna -> korun nebo dvojice -> dvojic | 1 | |
| 2. | Český jazyk je hodně kreativní... | porodní bába | 0 | |
| 3. | Ve sbírce Fimfárum Jana Weric... | Je tvořena pouze jednoslabičnými slovy. | 1 | |
| 4. | V ****** *** lev. Doplňte větu... | V elipse spí lev. | 0 | |
| 5. | Která hluchavkovitá bylina je... | mateřídoušky | 0 | |
| 6. | Toto téma začneme esperantem,... | Oheň je dobrý sluha, ale zlý pán. | 1 | |
| 7. | Mezi nejznámější umělé jazyky... | B | 0 | |
| 8. | George Orwell ve svém antiutop... | Newspeak (novořeč, neolekt) | 1 | |
| 9. | Ze stránek knih se přesuneme n... | Nabarvené ptáče | 1 | |
| 10. | Vědci z Přírodovědecké fakulty... | o víno | 1 |